[Event "World Rapid 2022"]
[Site "Almaty KAZ"]
[Date "2022.12.28"]
[Round "12.33"]
[White "Harikrishna, Pentala"]
[Black "Indjic, Aleksandar"]
[Result "0-1"]
[WhiteTitle "GM"]
[BlackTitle "GM"]
[WhiteElo "2705"]
[BlackElo "2636"]
[WhiteFideId "5007003"]
[BlackFideId "911925"]
[EventDate "2022.12.26"]

1. Nf3 Nf6 2. g3 c5 3. Bg2 Nc6 4. c4 d5 5. cxd5 Nxd5 6. O-O e5 7. Nc3 Nc7 8. a3
Rb8 9. Rb1 f6 10. d3 Be6 11. Be3 Qd7 12. Ne4 b6 13. Qa4 a5 14. Rfc1 Nd4 15.
Qxd7+ Kxd7 16. Nxd4 cxd4 17. Bd2 Be7 18. f4 h6 19. fxe5 fxe5 20. e3 Rbc8 21.
exd4 exd4 22. Bf4 Bf5 23. Rxc7+ Rxc7 24. Bxc7 Kxc7 25. Rc1+ Kd7 26. Rc4 Rc8 27.
Rxd4+ Ke6 28. Rc4 Rxc4 29. dxc4 Ke5 30. Nd2 Kd4 31. Bd5 Ke3 32. Nf3 a4 33. Nh4
Bxh4 34. gxh4 Kd2 35. Kf2 Kc1 36. Ke3 Kxb2 37. Kd4 Bc2 38. Bc6 Bb3 39. Be4 Kxa3
40. Kc3 Ka2 41. Bd3 Bd1 42. Be4 a3 43. Bd3 Ka1 44. Be4 Be2 45. Bd5 Kb1 46. Kb3
a2 47. Be4+ Kc1 48. Kxa2 Bxc4+ 49. Ka3 Kd2 50. Kb4 Ke3 51. Bc6 b5 52. Kc5 Kf2
53. Kd6 Kg1 54. h5 Kxh2 55. Ke7 Kg3 56. Kf8 Kh4 57. Be8 b4 58. Kxg7 Kg5 59. Kf8
b3 60. Bg6 Be6 0-1

[Event "World Rapid 2022"]
[Site "Almaty KAZ"]
[Date "2022.12.28"]
[Round "12.34"]
[White "Tari, Aryan"]
[Black "Andriasian, Zaven"]
[Result "0-1"]
[WhiteTitle "GM"]
[BlackTitle "GM"]
[WhiteElo "2659"]
[BlackElo "2580"]
[WhiteFideId "1510045"]
[BlackFideId "13302000"]
[EventDate "2022.12.26"]

1. e4 d6 2. d4 g6 3. Nc3 Bg7 4. Nf3 Nf6 5. Be2 c6 6. a4 O-O 7. O-O Qc7 8. h3 e5
9. dxe5 dxe5 10. Bc4 Nh5 11. Be3 Nd7 12. a5 Ndf6 13. Qb1 h6 14. b4 g5 15. Qb3 g4
16. hxg4 Nxg4 17. Bc5 Re8 18. Rad1 Be6 19. Bd6 Qc8 20. Nh4 Nf4 21. Nf5 Bxf5 22.
Bxf7+ Kh8 23. exf5 Qxf5 24. Qc4 Rf8 25. Bxf8 Rxf8 26. Ne4 Rxf7 27. Ng3 Qf6 28.
Rd8+ Bf8 29. Ne4 Qxd8 0-1

[Event "World Rapid 2022"]
[Site "Almaty KAZ"]
[Date "2022.12.28"]
[Round "12.35"]
[White "Narayanan, S.L."]
[Black "Durarbayli, Vasif"]
[Result "0-1"]
[WhiteTitle "GM"]
[BlackTitle "GM"]
[WhiteElo "2669"]
[BlackElo "2612"]
[WhiteFideId "5058422"]
[BlackFideId "13402935"]
[EventDate "2022.12.26"]

1. e4 c5 2. c3 d5 3. exd5 Qxd5 4. d4 Nf6 5. Nf3 e6 6. Na3 Nc6 7. Be3 Ng4 8. Nc2
cxd4 9. Nfxd4 Nxe3 10. Nxe3 Qe5 11. Bb5 Bd7 12. O-O Rd8 13. Bxc6 bxc6 14. Re1 c5
15. Nf3 Qb8 16. Nc4 Bb5 17. Qb3 Be7 18. Nce5 O-O 19. h3 Rd6 20. Rad1 Rfd8 21.
Rxd6 Bxd6 22. Nxf7 c4 23. Qc2 Kxf7 24. Ng5+ Ke8 25. Nxe6 g6 26. Nxd8+ Kxd8 27.
Qe4 Kc7 28. Qd4 Kc6 29. b3 cxb3 30. axb3 Ba6 31. Ra1 Qb6 32. Qg7 Bb7 33. Qxh7
Qxb3 34. Qxg6 Qxc3 35. Qe8+ Kc7 36. Rb1 Qc6 37. Qf7+ Kb8 38. Qg8+ Qc8 39. Qd5
Bc7 40. h4 Ka8 41. Qg5 Bb8 42. h5 Qc7 43. Qh4 Qg7 44. Qh3 Bf4 45. Rd1 a6 46. g3
Qc3 47. Qg4 Qc6 48. Qh3 Qf3 49. Re1 Bc7 50. h6 Bb6 51. Rf1 Ka7 52. h7 Bd4 53.
Qh2 a5 54. Qh3 a4 55. Kh2 a3 0-1

[Event "World Rapid 2022"]
[Site "Almaty KAZ"]
[Date "2022.12.28"]
[Round "12.36"]
[White "Sapenov, Daniyal"]
[Black "Sindarov, Javokhir"]
[Result "0-1"]
[WhiteTitle "FM"]
[BlackTitle "GM"]
[WhiteElo "2323"]
[BlackElo "2654"]
[WhiteFideId "13728911"]
[BlackFideId "14205483"]
[EventDate "2022.12.26"]

1. d4 Nf6 2. c4 c5 3. d5 g6 4. Nc3 Bg7 5. e4 d6 6. h3 O-O 7. Nf3 e6 8. Bd3 Nbd7
9. Be3 b6 10. Qd2 a6 11. Rd1 Ne8 12. a4 exd5 13. exd5 f5 14. Ng5 Ne5 15. Be2 Nc7
16. O-O Qf6 17. f4 Nf7 18. Rfe1 Bd7 19. Bf1 h6 20. Nf3 Rae8 21. Bf2 Nd8 22. Bh4
Qf7 23. Rxe8 Rxe8 24. Re1 Nb7 25. Rb1 Bh8 26. Bf2 Qf6 27. Nd1 Bxa4 28. b3 Bd7
29. b4 Na8 30. bxc5 Nxc5 31. Bxc5 bxc5 32. Rb7 Qd8 33. Qa2 Bc8 34. Ra7 Nb6 35.
Qa5 Bf6 36. Nf2 Re7 37. Rxe7 Bxe7 38. Ne5 dxe5 39. fxe5 Nd7 40. Qa1 a5 41. Nd3
Bg5 42. e6 Nf8 43. Qe5 a4 44. Kh1 Bf6 45. Qe2 a3 46. Nxc5 Qd6 47. Nd3 Nxe6 48.
dxe6 Bxe6 49. Qc2 Qd4 50. Qa4 Qa1 51. Qe8+ Kg7 52. Kg1 Bf7 0-1

[Event "World Rapid 2022"]
[Site "Almaty KAZ"]
[Date "2022.12.28"]
[Round "12.37"]
[White "Niemann, Hans Moke"]
[Black "Vokhidov, Shamsiddin"]
[Result "0-1"]
[WhiteTitle "GM"]
[BlackTitle "GM"]
[WhiteElo "2698"]
[BlackElo "2579"]
[WhiteFideId "2093596"]
[BlackFideId "14204223"]
[EventDate "2022.12.26"]

1. d4 Nf6 2. Nc3 d5 3. Bf4 c5 4. e4 Nxe4 5. Nxe4 dxe4 6. dxc5 Qa5+ 7. c3 Qxc5 8.
Qa4+ Nc6 9. Qxe4 g6 10. Nf3 Bg7 11. Be2 Bxc3+ 12. Nd2 Bf5 0-1

[Event "World Rapid 2022"]
[Site "Almaty KAZ"]
[Date "2022.12.28"]
[Round "12.38"]
[White "Ponkratov, Pavel"]
[Black "Ansat, Aldiyar"]
[Result "1-0"]
[WhiteTitle "GM"]
[BlackTitle "IM"]
[WhiteElo "2577"]
[BlackElo "2291"]
[WhiteFideId "4157800"]
[BlackFideId "13715658"]
[EventDate "2022.12.26"]

1. e4 c5 2. Nf3 Nc6 3. d4 cxd4 4. Nxd4 Nf6 5. Nc3 e5 6. Ndb5 d6 7. Bg5 a6 8. Na3
b5 9. Nd5 Be7 10. Nxe7 Nxe7 11. f3 Be6 12. c4 Qa5+ 13. Qd2 Qxd2+ 14. Bxd2 bxc4
15. Nxc4 Nc8 16. Bb4 d5 17. Nxe5 dxe4 18. fxe4 Nxe4 19. Bd3 Ncd6 20. O-O a5 21.
Ba3 f6 22. Nf3 O-O-O 23. Nd4 Bd5 24. Rac1+ Kb7 25. Nf5 Nxf5 26. Rxf5 Rhe8 27.
Bb5 Re5 28. Rxe5 fxe5 29. Rd1 Nf6 30. Be7 Rc8 31. Bxf6 Rc5 32. Be7 Rxb5 33. a4 1-0

[Event "World Rapid 2022"]
[Site "Almaty KAZ"]
[Date "2022.12.28"]
[Round "12.39"]
[White "Cheng, Bobby"]
[Black "Hovhannisyan, Robert"]
[Result "1-0"]
[WhiteTitle "GM"]
[BlackTitle "GM"]
[WhiteElo "2583"]
[BlackElo "2597"]
[WhiteFideId "4300033"]
[BlackFideId "13302507"]
[EventDate "2022.12.26"]

1. d4 d5 2. c4 c6 3. Nf3 Nf6 4. e3 Bg4 5. h3 Bh5 6. Nc3 e6 7. g4 Bg6 8. Ne5 Nbd7
9. Nxg6 hxg6 10. g5 Ng8 11. cxd5 cxd5 12. Qb3 Qb6 13. Bd2 Be7 14. Qxb6 Nxb6 15.
Nb5 Kd7 16. Rc1 Bd8 17. Nd6 Nc4 18. Bxc4 dxc4 19. Nxf7 Rh5 20. Ne5+ Ke8 21. f4
b5 22. Nxg6 Ne7 23. Nxe7 Bxe7 24. Kf2 Kd7 25. Kg3 g6 26. h4 Rc8 27. a3 a6 28.
Kg4 Ke8 29. e4 Kf7 30. Bc3 Re8 31. f5 gxf5+ 32. exf5 exf5+ 33. Kxf5 Reh8 34.
Rcg1 Rxh4 35. Rxh4 Rxh4 36. g6+ Kg8 37. d5 Rh5+ 38. Ke6 Bc5 39. Rg2 Rh3 40. Be5
a5 41. d6 b4 42. axb4 axb4 43. d7 Bb6 44. Rg4 Rh6 45. Bf6 1-0

[Event "World Rapid 2022"]
[Site "Almaty KAZ"]
[Date "2022.12.28"]
[Round "12.40"]
[White "Van Foreest, Jorden"]
[Black "Urazayev, Arystanbek"]
[Result "1-0"]
[WhiteTitle "GM"]
[BlackTitle "IM"]
[WhiteElo "2690"]
[BlackElo "2465"]
[WhiteFideId "1039784"]
[BlackFideId "13709810"]
[EventDate "2022.12.26"]

1. e4 c6 2. d4 d5 3. f3 Qb6 4. Nc3 dxe4 5. Bc4 e5 6. dxe5 Bc5 7. Nxe4 Bxg1 8.
Nd6+ Kf8 9. Qd2 Be6 10. Bxe6 fxe6 11. Qf4+ Nf6 12. Ne4 Nd7 13. exf6 Nxf6 14.
Qd6+ Kf7 15. Ng5+ Kg6 16. Qd3+ Kh5 17. Nh3 Qb4+ 18. Kf1 Rad8 19. g4+ Kh4 20. Kg2
Qc5 21. Bf4 Nxg4 22. Bg3+ Kh5 23. fxg4+ Kh6 24. g5+ Kh5 25. Nf4+ 1-0

[Event "World Rapid 2022"]
[Site "Almaty KAZ"]
[Date "2022.12.28"]
[Round "12.41"]
[White "Vallejo Pons, Francisco"]
[Black "Kovalev, Vladislav"]
[Result "1-0"]
[WhiteTitle "GM"]
[BlackTitle "GM"]
[WhiteElo "2716"]
[BlackElo "2623"]
[WhiteFideId "2205530"]
[BlackFideId "13504398"]
[EventDate "2022.12.26"]

1. e4 e5 2. Nf3 Nc6 3. Nc3 Nf6 4. g3 d5 5. exd5 Nxd5 6. Bg2 Nxc3 7. bxc3 Bd6 8.
O-O O-O 9. d4 h6 10. Re1 Qf6 11. Nd2 Bf5 12. Ne4 Qg6 13. Rb1 Rab8 14. h3 Rfd8
15. g4 Bd7 16. Nxd6 cxd6 17. f4 exf4 18. Bxf4 f5 19. Qd3 Kh8 20. g5 hxg5 21. Qg3
Re8 22. Bxg5 Rxe1+ 23. Rxe1 Re8 24. Rxe8+ Bxe8 25. Bf4 Qxg3 26. Bxg3 Bf7 27.
Bxd6 Bxa2 28. d5 Na5 29. Bb4 Nc4 30. d6 Nb6 31. Bxb7 Be6 32. c4 Bxc4 33. Bc8 Bb5
34. Bxf5 Nd7 35. c4 Bc6 36. Kf2 Kg8 37. Ke3 Kf7 38. Kd4 Kf6 39. Bg4 g6 40. Bc3
Kf7 41. h4 a6 42. Ba5 Kf6 43. c5 Nf8 44. Kc4 Ne6 45. Bb6 Kf7 46. Kb4 Kf6 47. Be2
Bb7 48. Bc4 Kf5 49. d7 1-0

[Event "World Rapid 2022"]
[Site "Almaty KAZ"]
[Date "2022.12.28"]
[Round "12.42"]
[White "Matlakov, Maxim"]
[Black "Pantsulaia, Levan"]
[Result "0-1"]
[WhiteTitle "GM"]
[BlackTitle "GM"]
[WhiteElo "2662"]
[BlackElo "2597"]
[WhiteFideId "4168003"]
[BlackFideId "13602071"]
[EventDate "2022.12.26"]

1. d4 c5 2. d5 g6 3. e4 Bg7 4. Nf3 d6 5. h3 Nf6 6. Nc3 O-O 7. a4 e6 8. Be2 exd5
9. exd5 Na6 10. O-O Nb4 11. Bf4 Bf5 12. Rc1 Ne4 13. Nxe4 Bxe4 14. c3 Nxd5 15.
Bg3 Bh6 16. Nd2 Bf5 17. Nc4 Bxc1 18. Qxc1 Re8 19. Qd1 Nf6 20. Nxd6 Re7 21. Nxf5
gxf5 22. Qc2 Qd5 23. b3 Ne4 24. Bh4 Rd7 25. Rd1 Qe6 26. Bc4 Rxd1+ 27. Qxd1 Qh6
28. g3 Qd2 29. Qf3 Nd6 30. Bd5 Re8 31. g4 Re1+ 32. Kh2 Qd1 33. Qg2 fxg4 34. hxg4
Qd2 35. c4 b6 36. Qg3 Qh6 37. Kg2 Qg6 38. Qf4 h5 39. g5 Nf5 40. Bg3 Nxg3 41.
Qxg3 Qf5 42. g6 Qg4 43. Bxf7+ Kg7 0-1

[Event "World Rapid 2022"]
[Site "Almaty KAZ"]
[Date "2022.12.28"]
[Round "12.43"]
[White "Yilmaz, Mustafa"]
[Black "Moussard, Jules"]
[Result "1-0"]
[WhiteTitle "GM"]
[BlackTitle "GM"]
[WhiteElo "2617"]
[BlackElo "2684"]
[WhiteFideId "6302718"]
[BlackFideId "642908"]
[EventDate "2022.12.26"]

1. d4 d6 2. e4 g6 3. c4 Bg7 4. Nc3 Nf6 5. Nf3 O-O 6. Be2 e5 7. O-O c6 8. dxe5
dxe5 9. Nxe5 Nxe4 10. Nxe4 Bxe5 11. Bg5 Qxd1 12. Rfxd1 f6 13. Bh6 Re8 14. Nd6
Bxd6 15. Rxd6 Be6 16. Rad1 Nd7 17. b3 Ne5 18. Be3 Kg7 19. f3 Nf7 20. R6d2 g5 21.
Kf2 b6 22. Bd3 c5 23. Be4 Rac8 24. Re2 Rcd8 25. Rxd8 Rxd8 26. Bc2 Bc8 27. Bd2
Bd7 28. Bc3 Re8 29. Rd2 Re7 30. Rd1 h6 31. h4 Be6 32. hxg5 hxg5 33. Rh1 Ne5 34.
Bxe5 fxe5 35. Rh5 Kf6 36. Rh6+ Kf7 37. Rh5 Kf6 38. Rh6+ Kf7 39. Rg6 g4 40. fxg4
e4 41. Rh6 Kg7 42. g5 e3+ 43. Ke1 Bg8 44. Rg6+ Kf8 45. Rf6+ Kg7 46. Ke2 Bf7 47.
Rh6 Re5 48. Rh7+ Kg8 49. g6 Be6 50. Rh4 Rg5 51. Be4 Rg3 52. Rh7 Bg4+ 53. Ke1 Be6
54. Re7 Bg4 55. Bd5+ Kf8 56. Rf7+ Ke8 57. g7 1-0

[Event "World Rapid 2022"]
[Site "Almaty KAZ"]
[Date "2022.12.28"]
[Round "12.44"]
[White "Harutyunyan, Tigran K."]
[Black "Petrosian, Tigran L."]
[Result "0-1"]
[WhiteTitle "GM"]
[BlackTitle "GM"]
[WhiteElo "2511"]
[BlackElo "2551"]
[WhiteFideId "13303635"]
[BlackFideId "13301616"]
[EventDate "2022.12.26"]

1. d4 d6 2. Nf3 Bg4 3. e3 Nf6 4. Be2 Nbd7 5. O-O e5 6. c4 Be7 7. Nc3 O-O 8. h3
Bh5 9. b4 Re8 10. Bb2 Bf8 11. dxe5 dxe5 12. c5 c6 13. Nd2 Bxe2 14. Qxe2 a5 15.
a3 b6 16. cxb6 axb4 17. axb4 Qxb6 18. Ba3 Bxb4 19. Rfb1 c5 20. Bxb4 Rxa1 21.
Rxa1 cxb4 22. Rb1 Rb8 23. Na2 Qa5 24. Nb3 Qd5 25. Nbc1 b3 26. Nc3 Qe6 27. Qb2
Nc5 28. Qa3 Qc4 29. N1e2 h6 30. Qa7 Rd8 31. Qc7 Re8 32. Qc6 Re6 33. Qc8+ Re8 34.
Qc6 Re6 35. Qc8+ Kh7 36. Kh2 Nfe4 37. Nxe4 Qxe4 38. Rb2 Nd3 39. Rxb3 Ne1 40. f3
Nxf3+ 41. gxf3 Qxf3 42. Ng1 Qf2+ 43. Kh1 Rg6 0-1

[Event "World Rapid 2022"]
[Site "Almaty KAZ"]
[Date "2022.12.28"]
[Round "12.45"]
[White "Shimanov, Aleksandr"]
[Black "Makhnev, Denis"]
[Result "1/2-1/2"]
[WhiteTitle "GM"]
[BlackTitle "GM"]
[WhiteElo "2581"]
[BlackElo "2481"]
[WhiteFideId "4198603"]
[BlackFideId "13707647"]
[EventDate "2022.12.26"]

1. e4 e5 2. Nf3 Nc6 3. Nc3 Nf6 4. h3 Bd6 5. g3 Bb4 6. Bg2 Bxc3 7. dxc3 d6 8. Qe2
h6 9. c4 Be6 10. b3 a5 11. a4 Nd7 12. Bb2 Nc5 13. O-O-O Qe7 14. Nd2 g5 15. Nb1
O-O-O 16. Nc3 f6 17. Qe3 Rhg8 18. Rd2 h5 19. h4 g4 20. Rhd1 Kb8 21. Kb1 Qf7 22.
Nb5 b6 23. Ba3 Bc8 24. Nc3 Bb7 25. Nd5 Nd4 26. Rxd4 exd4 27. Rxd4 Rgf8 28. Rd2
Rde8 29. Bxc5 dxc5 30. Qf4 Re5 31. Qh6 Rd8 32. Rd3 Rd6 33. Qf4 Qe6 34. f3 f5 35.
exf5 Rxf5 36. Qd2 Bxd5 37. fxg4 Bxg2 38. gxf5 Rxd3 39. cxd3 Qxf5 40. Qxg2 Qxd3+
41. Kb2 Qd4+ 42. Kc2 Qf6 43. Qe2 Qg6+ 44. Qd3 Qg4 45. Kd2 Ka7 46. Qe3 Kb8 47.
Qe8+ Kb7 48. Qe5 Kb8 49. Qf4 Qg7 50. Qf3 Qe5 51. Qf8+ Kb7 52. Qf3+ Kb8 53. Qc3
Qe4 54. Qh8+ Ka7 55. Qc3 Qg2+ 56. Kc1 Qf1+ 57. Kc2 Qf2+ 58. Kb1 Qf1+ 59. Kb2
Qf2+ 60. Ka3 Qe2 61. Qg7 Kb7 62. Qg8 Qe1 63. Kb2 Qd2+ 64. Kb1 Qd1+ 65. Kb2 1/2-1/2

[Event "World Rapid 2022"]
[Site "Almaty KAZ"]
[Date "2022.12.28"]
[Round "12.46"]
[White "Dragnev, Valentin"]
[Black "Savchenko, Boris"]
[Result "1/2-1/2"]
[WhiteTitle "GM"]
[BlackTitle "GM"]
[WhiteElo "2556"]
[BlackElo "2552"]
[WhiteFideId "1634852"]
[BlackFideId "4147332"]
[EventDate "2022.12.26"]

1. e4 c5 2. Nc3 g6 3. d4 cxd4 4. Qxd4 Nf6 5. Nf3 Nc6 6. Qa4 d6 7. e5 dxe5 8.
Nxe5 Bd7 9. Nxd7 Nxd7 10. Be2 Bg7 11. O-O O-O 12. Rd1 e6 13. Be3 Bxc3 14. bxc3
Nb6 15. Qb5 Qc7 16. c4 Rfd8 17. h4 e5 18. c3 h5 19. Bf3 Ne7 20. Bg5 a6 21. Qb4
Rxd1+ 22. Rxd1 Nc6 23. Qc5 Na4 24. Qa3 Nb6 25. Qc5 Na4 26. Qa3 Nb6 27. Qd6 Qxd6
28. Rxd6 Nxc4 29. Rd7 Rb8 30. Bf6 Nb6 31. Rc7 Na8 32. Rd7 Nb6 33. Bxc6 bxc6 34.
Ra7 Re8 35. Rxa6 Nd5 36. Rxc6 Nxf6 37. Rxf6 Ra8 38. Rc6 Rxa2 39. Rc5 Ra1+ 40.
Kh2 Re1 41. f3 Kf8 42. Rc7 Kg7 43. Rc6 Re2 44. Kg1 Rc2 45. Kh2 Re2 46. Kg1 Rc2
47. Kh2 Rd2 48. Kg1 Ra2 49. Kh2 Ra7 50. Kh3 Re7 51. c4 Rd7 52. Kg3 Rd2 53. Kh3
Rd1 54. Kg3 Rh1 55. Rb6 Rc1 56. Rc6 Rc3 57. Kf2 Rc1 58. Kg3 Rh1 59. Rb6 Rf1 60.
Ra6 Rb1 61. Rc6 Rb4 62. Kf2 Rb7 63. Kg3 f6 64. Kh3 Kf7 65. Kg3 Ke7 66. Kf2 Rb2+
67. Kg3 Rc2 68. Rc7+ Ke6 69. Rc6+ Kf5 70. Rc8 Rd2 71. Rc6 Rd3 72. Kf2 Rd4 73.
Kg3 Rd1 74. Rc8 Ke6 75. Rg8 Kf7 76. Rc8 Rd3 77. Kf2 Ke6 78. Rc6+ Rd6 79. Rc8 f5
80. Rc7 Rd2+ 81. Kg3 f4+ 82. Kh3 Rc2 83. Rc6+ Kf5 84. Rc8 Rc3 85. Kh2 Ke6 86.
Re8+ Kf6 87. Rf8+ Ke7 88. Rg8 Kf7 89. Rc8 Rc2 90. Kh3 Ke6 91. Re8+ Kf6 92. Rf8+
Kg7 93. Rc8 Rc1 94. Kh2 g5 95. hxg5 Kg6 96. Rg8+ Kf7 97. Rc8 Kg6 98. Rg8+ Kf5
99. g6 Kf6 100. g7 Rxc4 101. Re8 Kxg7 102. Rxe5 Kg6 103. Rd5 Rc1 104. Rd4 Kg5
105. Rd5+ Kh4 106. Rd4 Kg5 107. Rd5+ Kh4 108. Rd4 1/2-1/2

[Event "World Rapid 2022"]
[Site "Almaty KAZ"]
[Date "2022.12.28"]
[Round "12.47"]
[White "Suleymenov, Alisher"]
[Black "Adly, Ahmed"]
[Result "0-1"]
[WhiteTitle "IM"]
[BlackTitle "GM"]
[WhiteElo "2476"]
[BlackElo "2596"]
[WhiteFideId "13707833"]
[BlackFideId "10601619"]
[EventDate "2022.12.26"]

1. d4 d5 2. c4 e6 3. Nf3 Nf6 4. Nc3 c6 5. e3 Nbd7 6. Be2 Bd6 7. O-O O-O 8. b3 b6
9. Bb2 Bb7 10. Bd3 c5 11. cxd5 exd5 12. Rc1 Rc8 13. Ne2 Ne4 14. Ng3 f5 15. Qe2
Rc7 16. Rfd1 Qe7 17. Ba6 Ba8 18. Bb5 g6 19. Bxd7 Rxd7 20. Ba1 f4 21. dxc5 Bxc5
22. Nxe4 Qxe4 23. Qb2 d4 24. exd4 Be7 25. Re1 Qf5 26. Re5 Qf7 27. Qe2 Bd5 28.
Qd3 Bf6 29. Re2 Re8 30. Rxe8+ Qxe8 31. Re1 Re7 32. Ne5 f3 33. gxf3 Qc8 34. f4
Bh4 35. h3 Rc7 36. Ng4 Rc1 37. Qe3 Rxe1+ 38. Qxe1 h5 39. Ne3 Bf3 40. Kh2 Qc7 41.
Ng2 Bf6 42. d5 Bxa1 43. Qxa1 Bxd5 44. Qf6 Kh7 45. Ne3 Ba8 46. Kg3 Be4 47. Qe5
Qb7 48. Kh4 Bb1 49. Kg5 Bxa2 50. f5 Qg7 51. f6 Qh6+ 52. Kh4 Bxb3 53. Qc7+ Kg8
54. f4 Qf8 55. Qe5 Bf7 56. Qc7 Qe8 57. Nd5 Qe6 58. Qb8+ Kh7 59. f5 Qxd5 60. Qf8
Qd4+ 0-1

[Event "World Rapid 2022"]
[Site "Almaty KAZ"]
[Date "2022.12.28"]
[Round "12.48"]
[White "Madaminov, Mukhiddin"]
[Black "Predke, Alexandr"]
[Result "1/2-1/2"]
[WhiteTitle "IM"]
[BlackTitle "GM"]
[WhiteElo "2438"]
[BlackElo "2684"]
[WhiteFideId "14210703"]
[BlackFideId "24107581"]
[EventDate "2022.12.26"]

1. d4 d5 2. Nc3 c5 3. e4 dxe4 4. d5 Nf6 5. Nge2 g6 6. Ng3 Bg7 7. Ngxe4 Nxe4 8.
Nxe4 O-O 9. Be2 b6 10. O-O Bb7 11. c4 e6 12. Bg5 f6 13. Bf4 e5 14. Bd2 h6 15. b4
f5 16. Nxc5 bxc5 17. bxc5 Qc7 18. Rb1 Na6 19. c6 Bxc6 20. dxc6 Qxc6 21. Be3 Rfd8
22. Qb3 Nc5 23. Qb5 Rac8 24. Rfd1 Rxd1+ 25. Rxd1 Bf8 26. Rd5 e4 27. Qxc6 Rxc6
28. g4 fxg4 29. Bxg4 h5 30. Bd1 Rd6 31. Bc2 Rxd5 32. cxd5 Kf7 33. f3 exf3 34.
Kf2 Be7 35. Kxf3 g5 36. h3 a6 37. Bd4 Bd6 38. Bf5 a5 39. Bc2 Na6 40. Bb6 Nb4 41.
Bb3 a4 42. Bc4 a3 43. Be3 Kf6 44. Ke4 g4 45. hxg4 hxg4 46. Bd2 g3 47. Bxb4 1/2-1/2

[Event "World Rapid 2022"]
[Site "Almaty KAZ"]
[Date "2022.12.28"]
[Round "12.49"]
[White "Pranav, V"]
[Black "Maze, Sebastien"]
[Result "1/2-1/2"]
[WhiteTitle "GM"]
[BlackTitle "GM"]
[WhiteElo "2545"]
[BlackElo "2538"]
[WhiteFideId "25060783"]
[BlackFideId "613762"]
[EventDate "2022.12.26"]

1. e4 c5 2. Nf3 Nc6 3. Bb5 g6 4. O-O Bg7 5. Re1 Nf6 6. Bxc6 dxc6 7. d3 Nd7 8.
Nc3 e5 9. Be3 b6 10. a3 a5 11. Qd2 O-O 12. Bh6 Re8 13. Bxg7 Kxg7 14. Ne2 Nf8 15.
h3 Qd6 16. Qc3 f6 17. Nd2 Ba6 18. Rab1 Ne6 19. b4 cxb4 20. axb4 a4 21. Ra1 b5
22. Nf3 Rac8 23. d4 exd4 24. Nexd4 Nxd4 25. Nxd4 c5 26. bxc5 Qxc5 27. Qd2 Kg8
28. Nf3 Bb7 29. Qf4 Re6 30. Rad1 Qe7 31. Nd4 Rxe4 32. Rxe4 Qxe4 33. Qxe4 Bxe4
34. Nxb5 Bxc2 35. Rd7 Ra8 36. Na3 Bb3 37. f3 h5 38. h4 Bf7 39. Kf2 Rb8 40. Ra7
Be8 41. Nc4 Bc6 42. Rc7 Bd5 43. Ne3 Be6 44. Rc6 Kf7 45. Rc7+ Kf8 46. Ra7 Rb2+
47. Kg3 Ra2 48. Kf4 a3 49. Ke4 Ra1 50. Ra6 Bf7 51. Nc2 Rg1 52. Nxa3 Kg7 53. Nb5
Rxg2 54. Nd6 Re2+ 55. Kf4 Re6 56. Rb6 Bg8 57. Rb7+ Kh6 58. Ne4 Re5 59. Rb6 Be6
60. Kg3 Bf5 61. Nxf6 Re6 62. Rxe6 Bxe6 63. Kf4 Bc8 64. Ne4 Kg7 65. Ke5 Bb7 66.
Ng5 Bc8 67. f4 Bg4 68. Ne4 Kf7 69. Nd6+ Ke7 70. Nb5 Bd7 71. Nd4 Ba4 72. f5 gxf5
73. Nxf5+ Kf7 74. Ng3 Kg6 75. Nxh5 Kxh5 1/2-1/2

[Event "World Rapid 2022"]
[Site "Almaty KAZ"]
[Date "2022.12.28"]
[Round "12.50"]
[White "Yakubboev, Nodirbek"]
[Black "Gadimbayli, Abdulla"]
[Result "1-0"]
[WhiteTitle "GM"]
[BlackTitle "GM"]
[WhiteElo "2647"]
[BlackElo "2524"]
[WhiteFideId "14203987"]
[BlackFideId "13404938"]
[EventDate "2022.12.26"]

1. d4 d5 2. c4 e5 3. dxe5 d4 4. Nf3 Nc6 5. a3 Nge7 6. b4 Ng6 7. Bb2 a5 8. b5
Ncxe5 9. Bxd4 Nxc4 10. e3 Nd6 11. Bd3 Nf5 12. Bxf5 Bxf5 13. O-O Qd7 14. Nc3 Rd8
15. Qa4 b6 16. Rad1 Qc8 17. Ne5 Bd6 18. Nc6 O-O 19. Nxd8 Qxd8 20. f4 Re8 21. Qc4
Qe7 22. a4 h5 23. Qd5 Be6 24. Qxh5 Bc4 25. Rf3 Qh4 26. Rh3 Qxh5 27. Rxh5 Bb4 28.
Rc1 Rd8 29. g3 Ba3 30. Rc2 Bb3 31. Rf2 f6 32. g4 Bb4 33. Ne4 Re8 34. Ng3 Bd1 35.
h3 Bxa4 36. Rd5 Ne7 37. Rd7 Bd6 38. Rb2 Ba3 39. Rb1 c5 40. bxc6 Nxc6 41. Nf5
Nxd4 42. Rxg7+ Kf8 43. exd4 Bc2 44. Rxb6 Bxf5 45. Ra7 Be4 46. Rxf6+ Kg8 47. Rxa5
Bb2 48. Rg5+ Kh7 49. Rd6 Rc8 50. Re5 Ba8 51. Kf2 Ba3 52. Rd7+ Kg8 53. Kg3 Bc1
54. Rc5 1-0

[Event "World Rapid 2022"]
[Site "Almaty KAZ"]
[Date "2022.12.28"]
[Round "12.51"]
[White "Suyarov, Mukhammadzokhid"]
[Black "Puranik, Abhimanyu"]
[Result "1-0"]
[WhiteTitle "FM"]
[BlackTitle "GM"]
[WhiteElo "2299"]
[BlackElo "2616"]
[WhiteFideId "14210495"]
[BlackFideId "5061245"]
[EventDate "2022.12.26"]

1. d4 Nf6 2. Nc3 d5 3. Bf4 g6 4. e3 Bg7 5. h4 c5 6. Nb5 Na6 7. c3 O-O 8. a4 h5
9. Nf3 Bg4 10. Bd3 Nd7 11. Be2 e6 12. Ne5 Nxe5 13. dxe5 Bxe2 14. Qxe2 f6 15.
exf6 Qxf6 16. Bg3 c4 17. O-O Nc5 18. Bd6 Rfc8 19. Bxc5 Rxc5 20. g3 e5 21. Rad1
Rd8 22. Na3 Qc6 23. Qc2 a6 24. Rd2 Kh7 25. Rfd1 e4 26. Nb1 Rf8 27. b4 cxb3 28.
Qxb3 Rf5 29. Rc1 g5 30. hxg5 Rxg5 31. Kg2 d4 32. c4 Rcf5 33. Rh1 Rf3 34. Re2 Qf6
35. Nd2 Qc6 36. Rh4 d3 37. Re1 Be5 38. Nxe4 Rfxg3+ 39. fxg3 Rxg3+ 40. Kf2 Qg6
41. Qxb7+ Kh6 42. Reh1 Qf5+ 43. Ke1 Rxe3+ 44. Kd2 Re2+ 45. Kd1 Rh2 46. R1xh2 1-0

[Event "World Rapid 2022"]
[Site "Almaty KAZ"]
[Date "2022.12.28"]
[Round "12.52"]
[White "Adhiban, Baskaran"]
[Black "Ivic, Velimir"]
[Result "1-0"]
[WhiteTitle "GM"]
[BlackTitle "GM"]
[WhiteElo "2611"]
[BlackElo "2572"]
[WhiteFideId "5018471"]
[BlackFideId "950122"]
[EventDate "2022.12.26"]

1. b3 e5 2. Bb2 Nc6 3. c4 Nf6 4. Nf3 e4 5. Nd4 Nxd4 6. Bxd4 d5 7. cxd5 Nxd5 8.
e3 Bf5 9. Nc3 Nxc3 10. Bxc3 Qd7 11. a4 h5 12. a5 a6 13. Ra4 c5 14. Be2 h4 15. h3
Rh6 16. Bg4 Bxg4 17. hxg4 Qd5 18. Qc2 Re6 19. Rxh4 O-O-O 20. Rh5 g5 21. Ke2 Kb8
22. Rc4 Ka8 23. f3 exf3+ 24. gxf3 Qd6 25. Rh3 Qd7 26. Kf2 Rd6 27. Rh8 Rd3 28.
Bd4 cxd4 29. Qxd3 dxe3+ 30. Qxe3 f5 31. Rd4 Qxd4 32. Qxd4 Rxd4 33. Rxf8+ Ka7 34.
Ke3 Rb4 35. Rxf5 Rxb3+ 36. Ke4 Rb5 37. Rxb5 axb5 38. f4 gxf4 39. Kxf4 b4 40. Ke3
Ka6 41. Kd3 Kxa5 42. Kc2 1-0